00515nam a2200181Ia 4500003000900000008004100009040001300050040001300063041000800076100002100084245013000105250001100235260001400246260000900260300001200269490004400281490000800325IT-RoPAU120407s9999 xx 000 0 und d aIT-RoPAU cIT-RoPAU aita aLuigi Pirandello aUno , nessuno e centomila. Dalle “Novelle per un anno”. In “Narratori dell’Ottocento e del primo Novecento” Vol. IV aMilano aRicciardi c1966 c22,5 cm aLa Letteratura Italiana, Storia e Testi v645